| 000 | 00594nam a22002177a 4500 | ||
|---|---|---|---|
| 005 | 20170124110215.0 | ||
| 010 | _a461347 | ||
| 020 | _c00.00 | ||
| 035 | _a461347 | ||
| 037 | _bCen Lib/Ret | ||
| 040 |
_aDPL _bEN |
||
| 082 |
_a792.0954 _2GAR |
||
| 100 |
_aGargi, Balwant _938852 |
||
| 245 |
_aFolk theater of India / _cby Balwant Gargi |
||
| 260 |
_aLondon _bUniversity of Washington Press _c1966 |
||
| 300 |
_ax, 217p. : _c23cm(Hb) _bill. |
||
| 500 | _aIncludes index | ||
| 650 |
_aIndian folk _938853 |
||
| 650 |
_aTheater _925384 |
||
| 942 |
_2ddc _cEN _h792.0954 _mGAR |
||
| 999 |
_c133767 _d133767 |
||